Perspectives in defence planning (Record no. 355084)

000 -LEADER
fixed length control field 00339cam a22001217a 4500
008 - FIXED-LENGTH DATA ELEMENTS--GENERAL INFORMATION
fixed length control field 180718b1972 xxu||||| |||| 00| 0 eng d
082 ## - DEWEY DECIMAL CLASSIFICATION NUMBER
Classification number N1x54 Su16
100 ## - MAIN ENTRY--PERSONAL NAME
Personal name Subrahmanyam, K.
245 ## - TITLE STATEMENT
Title Perspectives in defence planning
Statement of responsibility, etc. by K. Subrahmanyam
260 ## - PUBLICATION, DISTRIBUTION, ETC.
Place of publication, distribution, etc. Delhi
Name of publisher, distributor, etc. Abhinav
Date of publication, distribution, etc. 1972
300 ## - PHYSICAL DESCRIPTION
Extent 202p.
650 ## - SUBJECT ADDED ENTRY--TOPICAL TERM
Topical term or geographic name entry element Defense, National - India
Holdings
Withdrawn status Lost status Damaged status Not for loan Permanent Location Current Location Date acquired Full call number Barcode Date last seen Price effective from Koha item type
        Indian Institute of Public Administration Indian Institute of Public Administration 1993-12-16 N1x54 Su16 47373 2018-07-21 2018-07-21 Book

Powered by Koha